000 00895nmm a2200265 a 4500
001 ocm000660893
003 TR-IsHL
005 20201028140656.0
008 131219s2009 tu tur
007 cr cn
020 _a9789756186473
035 _a660893
_b(N$T)
050 0 4 _aPL235
_b.A83 2009
090 0 4 _aPL235
_b.A83 2009
100 1 _aAtaş, Hayri
245 1 0 _aAli Nihad Tarlan'dan Divan Şiiri Dersleri
_h[electronic resource] /
_cHayri Ataş
260 _aİstanbul :
_bTürk Edebiyatı Vakfı Yayınları,
_c2009
300 _a264 p.
650 4 _aDil ve Edebiyat
650 4 _aLanguage and Literature
650 0 _aDivan şiiri
_x Tarih ve eleştiri
650 0 _aDivan poetry
_x History and criticism
650 7 _aPOETRY / Subjects & Themes / General
_2bisacsh
856 4 0 _uhttp://search.ebscohost.com/login.aspx?direct=true&scope=site&db=e011xww&AN=660893
999 _c7411
_d7411